Music Quiz

Random Music or Clickable Quiz

(Parenthetical) Song Titles Quiz Stats

 Plays Quiz Updated Dec 27, 2018

Support Sporcle.
Go Orange.
Score 0/42 Timer 06:00
6 Plays Today
% Correct
I Can't Get No
92.1%
Are Made of This
90.2%
I've Had
86.9%
You Gotta|To Party
86.8%
Na Na Na Na Na Na Na Na Na
86.5%
But I Won't Do That
86.4%
Put A Ring On It
85.4%
Everything I Do
85.2%
Sittin' On
82.7%
Backstreet's Back
81.8%
For a White Guy
81.3%
Looks Like a Lady
81.2%
I Just
80.7%
Like a Record
79.4%
Don't Fear
79.2%
Who Loves Me
76.1%
And I Feel Fine
73.1%
We Salute You
67.6%
500 Miles
67.1%
So Far Away
64.1%
Not Constantinople
63.5%
% Correct
Time of Your Life
63.3%
Christmas Don't Be Late
59.3%
War Is Over
59%
Get It On
58.2%
I Feel Good
57.2%
In the Name of Love
55.2%
With Someone You Shouldn't've
52.8%
No Can Do
52%
Touch My Bum
47.9%
The Right Stuff
45.3%
The Sweater Song
45.2%
Take These
42.7%
Anthony's Song
42.7%
Hey Oh
41.3%
She's So Heavy
36.4%
Listen to The
33.1%
Keep Feeling
32.9%
She Was a
30.9%
You Can Still
30.3%
Long Nights
21.4%
Give It Up
13.2%

You're not logged in!

Compare scores with friends on all Sporcle quizzes.
OR
Log In
Forgot?

From the Vault

RIAA Songs of the Century (1960s)

by rockgolf

Music 15m
These are the songs that Justin Timberlake's and Lady Gaga's parents listened to.
Remove Ads.
Support Sporcle.
Get the best of Sporcle when you Go Orange. This ad-free experience offers more features, more stats, and more fun while also helping to support Sporcle. Thank you for becoming a member.

Show Comments

Extras

Top Quizzes Today


Score Distribution

Your Account Isn't Verified!

In order to create a playlist on Sporcle, you need to verify the email address you used during registration. Go to your Sporcle Settings to finish the process.

Report this User

Report this user for behavior that violates our Community Guidelines.

Details: